[Event "WJCC U20 Open 2019"]
[Site "New Delhi"]
[Date "2019.10.16"]
[Round "2.40"]
[White "Rakesh Kumar Jena"]
[Black "Zrikem, Nassim"]
[Result "1-0"]
[WhiteElo "2355"]
[BlackElo "2125"]
[Annotator "TA"]
[PlyCount "67"]
[EventDate "2019.10.15"]
[EventType "swiss"]
[EventCountry "IND"]
[SourceTitle "playchess.com"]
[Source "ChessBase"]
[SourceQuality "1"]

{[%evp 10,67,5,-4,6,-31,-25,-39,-33,-44,-3,-18,-14,-12,7,-27,33,29,26,24,15,16,36,41,36,33,35,43,68,57,62,67,68,66,106,97,103,90,91,85,139,145,250,237,375,367,558,497,494,494,486,483,463,287,452,470,453,479,441,440]} 1. d4 Nf6 2. Bf4 b6 3. e3 Bb7 4. Nd2 g6 5. Ngf3 Bg7 6. Bd3 d6 {A47: 1 d4 Nf6 2 Nf3 b6: Torre, London and Colle Systems} 7. h4 Nbd7 8. a4 $146 ({Predecessor:} 8. Qe2 c5 9. O-O-O Rc8 10. Kb1 Qc7 11. c3 b5 12. Bxb5 Rb8 {0-1 (46) Wen,Y (2611)-Sengupta,D (2543) Tashkent 2016}) 8... a6 {Black is slightly better.} 9. c3 c5 10. Qe2 O-O 11. O-O Re8 12. Bh2 e5 (12... Ng4 $11) 13. dxe5 $1 $14 Nxe5 14. Nxe5 dxe5 15. Rfd1 Qd5 {[%csl Gb7][%cal Rd5g2]} 16. e4 Qc6 17. Nc4 Qc7 18. Bc2 Nh5 19. Nd6 {aiming for Bb3.} Red8 20. Nxb7 Qxb7 21. Bb3 $36 {[%mdl 2048] Hoping for Bd5. White has some pressure.} Nf6 22. f3 Qc7 23. g4 a5 24. Bc4 Rab8 {[#]} (24... Ne8 $142) 25. f4 $1 $16 {[%mdl 512]} exf4 (25... Ne8 $16) 26. e5 $18 Re8 (26... Nxg4 {keeps fighting.} 27. Qxg4 Bxe5) 27. Bxf4 Rbd8 (27... Qb7 {might work better.} 28. Rd3 h5) 28. exf6 {[%mdl 64] Discovered Attack} Qxf4 29. Rxd8 Rxd8 {[#]} 30. Bxf7+ $1 {[%mdl 512]} Kh8 (30... Kxf7 31. Qe7+) 31. fxg7+ Kxg7 {And now ...Rd2 would win.} 32. Rf1 {White is clearly winning.} Qg3+ 33. Qg2 Qxh4 {intending ...Rd3.} 34. Be6 {Accuracy: White = 63%, Black = 33%.} 1-0

[Event "WJCC U20 Open 2019"]
[Site "New Delhi"]
[Date "2019.10.16"]
[Round "2.41"]
[White "Maltezeanu, Stefan"]
[Black "Parkhov, Yair"]
[Result "0-1"]
[WhiteElo "2102"]
[BlackElo "2350"]
[Annotator "NA"]
[PlyCount "42"]
[EventDate "2019.10.15"]
[EventType "swiss"]
[EventCountry "IND"]
[SourceTitle "playchess.com"]
[Source "ChessBase"]
[SourceQuality "1"]
[TimeControl "40/5400+30:1800+30"]

1. e4 {[%emt 0:00:00]} g6 {[%emt 0:00:00]} 2. d4 {[%emt 0:00:00]} Bg7 {[%emt 0:00:00]} 3. Be3 {[%emt 0:00:00]} d6 {[%emt 0:01:49]} 4. Nf3 {[%emt 0:00:00]} a6 {[%emt 0:02:40]} 5. Qd2 {[%emt 0:00:27]} Nd7 {[%emt 0:05:33]} 6. Nc3 {[%emt 0:00:16]} b5 {[%emt 0:00:41]} 7. a4 {[%emt 0:03:43]} b4 {[%emt 0:07:04]} 8. Nd5 {[%emt 0:05:03]} a5 $11 {[%emt 0:12:01]} 9. O-O-O {[%emt 0:11:20]} e6 {[%emt 0:12:24]} 10. Nf4 {[%emt 0:05:20]} Nb6 {[%emt 0:06:32]} 11. b3 {[%emt 0:04:05]} Nf6 {[%emt 0:06:44]} 12. Bd3 {[%emt 0:05:05]} Bb7 {[%emt 0:03:39]} 13. d5 {[%emt 0:09:47]} exd5 {[%emt 0:20:39]} 14. Bxb6 {[%emt 0:06:07]} O-O {[%emt 0:00:40]} 15. e5 {[%emt 0:22:34]} cxb6 {[%emt 0:01:30]} 16. exf6 {[%emt 0:03:10]} Qxf6 {[%emt 0:00:08]} 17. c4 {[%emt 0:03:18]} Qa1+ {[%emt 0:03:30]} 18. Bb1 {[%emt 0:00:05]} Qa3+ {[%emt 0:00:18]} 19. Kc2 {[%emt 0:00:08]} dxc4 {[%emt 0:00:08]} 20. Qc1 {[%emt 0:04:16]} Qxb3+ {[%emt 0:01:56]} 21. Kd2 {[%emt 0:00:07]} Rfe8 {[%emt 0:01:03]} 0-1

[Event "WJCC U20 Open 2019"]
[Site "New Delhi"]
[Date "2019.10.16"]
[Round "2.42"]
[White "Eugene, Floryan"]
[Black "Aravena Navarro, Alexis Andres"]
[Result "1-0"]
[WhiteElo "2346"]
[BlackElo "2023"]
[Annotator "TA"]
[PlyCount "55"]
[EventDate "2019.10.15"]
[EventType "swiss"]
[EventCountry "IND"]
[SourceTitle "playchess.com"]
[Source "ChessBase"]
[SourceQuality "1"]

{[%evp 19,55,50,108,89,125,121,149,157,150,44,44,58,43,25,16,-20,47,0,47,40,123,114,129,133,127,4,1097,1154,1149,1145,1105,1058,1567,1460,5086,906,811,774]} 1. e4 c5 2. Nf3 Nc6 3. d4 cxd4 4. Nxd4 Nf6 5. Nc3 d6 6. Bg5 e5 7. Ndb5 a6 8. Bxf6 gxf6 9. Na3 b5 10. Nd5 Be7 (10... Bg7 $14) 11. c4 {B33: Sicilian: Pelikan and Sveshnikov Variations} (11. Bd3 Rg8 12. O-O Bh3 13. Ne3 Be6 14. c4 bxc4 15. Bxc4 Nd4 16. b3 Rb8 17. Nac2 Nxc2 18. Qxc2 a5 19. Qd2 Kf8 20. Rac1 Rg7 21. Rc2 Qb6 22. Rd1 {1-0 (22) Schmidt,T (2597)-Blank,W (2500) ICCF email 2008}) 11... bxc4 12. Nxc4 Nd4 13. Ncb6 {White is clearly better.} Rb8 $146 ({Predecessor:} 13... Ra7 14. Nxc8 Qxc8 15. Rc1 Qd7 16. Bd3 Bd8 17. O-O Rg8 18. Kh1 Kf8 {1-0 (31) Canizares Cuadra,P (2223)-Canamas Soler,J (2216) ICCF email 2013}) 14. Rc1 (14. Nxc8 $16 Rxc8 15. Qa4+ Kf8 16. Bxa6) 14... Be6 $14 15. Qa4+ Kf8 16. Qxa6 f5 17. Rc7 Bg5 (17... fxe4 $11 18. Qa7 Bh4) 18. Bd3 {Strongly threatening Nd7+.} (18. Bc4 $5 {[%cal Rb6d7]} Kg7 19. exf5 (19. h4 Bxh4 20. exf5 Qg5 $17) 19... Nxf5 20. Qa7 $14) 18... fxe4 19. Bxe4 {Nd7+ is the strong threat.} f5 {[#]} ({Black should play} 19... Kg7 $14) 20. Nd7+ $1 $16 {[%mdl 576] Discovered Attack, Decoy} Bxd7 21. Qxd6+ {[%mdl 64] Double Attack} Be7 22. Qxe5 (22. Qxd7 $16 Qxd7 23. Rxd7) 22... fxe4 $4 {[%mdl 8192]} (22... Rg8 $11) 23. Qxh8+ $18 {[%mdl 64] Double Attack. White is clearly winning.} Kf7 24. Qxh7+ {[%mdl 64] [#] Double Attack} Ke6 25. Qxe4+ {[%mdl 64] Double Attack} ({Less strong is} 25. Qxe7+ Qxe7 26. Nxe7 Rxb2 $16) ({Inferior is} 25. Nxe7 Qxc7 26. O-O (26. Qxe4+ Qe5 $17) 26... Ne2+ 27. Kh1 Bc6 $14) 25... Kd6 26. Qxd4 Bc6 27. Nxe7+ Kxc7 28. Qxd8+ {Accuracy: White = 36%, Black = 38%.} 1-0

[Event "WJCC U20 Open 2019"]
[Site "New Delhi"]
[Date "2019.10.16"]
[Round "2.43"]
[White "Licheli, Luka"]
[Black "Miciano, John Marvin"]
[Result "1-0"]
[WhiteElo "2010"]
[BlackElo "2345"]
[Annotator "NA"]
[PlyCount "103"]
[EventDate "2019.10.15"]
[EventType "swiss"]
[EventCountry "IND"]
[SourceTitle "playchess.com"]
[Source "ChessBase"]
[SourceQuality "1"]
[TimeControl "40/5400+30:1800+30"]

1. e4 {[%emt 0:00:00]} c6 {[%emt 0:00:00]} 2. d3 {[%emt 0:01:16]} d5 {[%emt 0:00:55]} 3. Nd2 {[%emt 0:01:19]} e5 {[%emt 0:01:40]} 4. Ngf3 {[%emt 0:00:11]} Bd6 {[%emt 0:02:09]} 5. Qe2 {[%emt 0:00:34]} Qe7 {[%emt 0:03:37]} 6. d4 {[%emt 0:02:24] B10: Caro-Kann: 2 d3 and 2 c4} exd4 {[%emt 0:00:19]} 7. exd5 {[%emt 0:00:06]} cxd5 {[%emt 0:02:17]} 8. Nxd4 {[%emt 0:04:53]} Nc6 {[%emt 0:00:25]} 9. Qxe7+ {[%emt 0:11:37]} Ngxe7 {[%emt 0:00:13]} 10. N2b3 {[%emt 0:00:05]} (10. N2f3 Nxd4 11. Nxd4 Nf5 12. Bb5+ Ke7 13. Ne2 Rd8 14. Bg5+ {½-½ (31) Tiviakov,S (2655)-Timman,J (2566) Wijk aan Zee 2013}) 10... O-O {[%emt 0:00:43]} 11. Be3 {[%emt 0:04:43]} Bg4 {[%emt 0:11:11]} 12. h3 {[%emt 0:34:06]} Bh5 {[%emt 0:00:09]} 13. Nb5 $146 {[%emt 0:05:53]} ({Predecessor:} 13. Nxc6 Nxc6 {1-0 (47) Gavrilov,A (2438)-Kharitonov,A (2345) St Petersburg 2001}) 13... Be5 {[%emt 0:01:52]} 14. f4 {[%emt 0:11:07]} Nf5 {[%emt 0:09:22]} 15. Kf2 {[%emt 0:05:52]} Nxe3 {[%emt 0:03:45]} 16. Kxe3 {[%emt 0:00:04]} d4+ {[%emt 0:01:28]} 17. Kf2 {[%emt 0:09:33]} Bxf4 {[%emt 0:00:13]} 18. N5xd4 {[%emt 0:00:13]} Nxd4 {[%emt 0:09:34]} 19. Nxd4 {[%emt 0:00:02]} Rad8 {[%emt 0:05:09]} 20. Nf3 {[%emt 0:03:30]} Bg6 {[%emt 0:01:19]} 21. c3 {[%emt 0:00:39]} Rfe8 {[%emt 0:04:05]} 22. Bb5 {[%emt 0:00:48]} Re6 {[%emt 0:06:58]} 23. Rad1 {[%emt 0:00:51]} Red6 {[%emt 0:00:20]} 24. Rxd6 {[%emt 0:00:49]} Bxd6 {[%emt 0:00:07]} 25. Re1 {[%emt 0:01:09]} Kf8 {[%emt 0:01:44]} 26. Nd4 {[%emt 0:00:39]} a6 {[%emt 0:02:57]} 27. Ba4 {[%emt 0:00:33]} Bc7 {[%emt 0:04:00]} 28. Bd1 {[%emt 0:00:27]} b5 {[%emt 0:01:48]} 29. a3 {[%emt 0:00:25]} Bb6 {[%emt 0:00:58]} 30. Ke3 {[%emt 0:00:01]} Be4 {[%emt 0:02:46]} 31. Re2 {[%emt 0:01:06]} Bd5 {[%emt 0:00:54]} 32. Rd2 {[%emt 0:00:11]} g6 {[%emt 0:02:29]} 33. Bf3 {[%emt 0:00:28]} f5 {[%emt 0:00:46]} 34. Kf4 {[%emt 0:00:51]} Kf7 {[%emt 0:01:18]} 35. Bxd5+ {[%emt 0:00:31]} Rxd5 {[%emt 0:00:08]} 36. Nf3 {[%emt 0:00:19]} Rxd2 37. Nxd2 Kf6 {[%emt 0:01:05]} 38. b4 {[%emt 0:01:10]} g5+ {[%emt 0:00:15]} 39. Kf3 {[%emt 0:00:04]} Ke5 {[%emt 0:00:24]} 40. a4 {[%emt 0:00:48]} bxa4 {[%emt 0:00:58]} 41. Nc4+ {[%emt 0:30:05]} Ke6 {[%emt 0:30:10]} 42. Ke2 {[%emt 0:00:00]} Bc7 {[%emt 0:00:00]} 43. Kd3 {[%emt 0:00:00]} h5 {[%emt 0:00:00]} 44. Kc2 {[%emt 0:00:00]} Kd5 {[%emt 0:00:00]} 45. Kd3 {[%emt 0:00:00]} f4 {[%emt 0:00:00]} 46. Nd2 {[%emt 0:00:00]} g4 $19 {[%emt 0:00:00]} 47. hxg4 {[%emt 0:00:00]} hxg4 {[%emt 0:00:00]} 48. c4+ {[%emt 0:02:23]} Kc6 {[%emt 0:00:00]} 49. Kd4 {[%emt 0:02:07]} f3 {[%emt 0:00:00]} 50. gxf3 {[%emt 0:00:24]} g3 {[%emt 0:00:00]} 51. Ke3 {[%emt 0:00:39]} Bf4+ {[%emt 0:00:00]} 52. Kd4 1-0

[Event "WJCC U20 Open 2019"]
[Site "New Delhi"]
[Date "2019.10.16"]
[Round "2.44"]
[White "Hamad Essam"]
[Black "Kukelko, Alexey"]
[Result "1/2-1/2"]
[WhiteElo "1849"]
[BlackElo "2342"]
[Annotator "TA"]
[PlyCount "66"]
[EventDate "2019.10.15"]
[EventType "swiss"]
[EventCountry "IND"]
[SourceTitle "playchess.com"]
[Source "ChessBase"]
[SourceQuality "1"]

{[%evp 9,66,-33,-9,0,0,0,-12,-43,-43,-44,-39,-56,-39,-50,-43,-89,-107,-135,-87,-114,-101,-102,-59,-55,-70,-64,-50,-36,-62,-50,-34,-61,-71,-140,-114,-137,-79,-81,-68,-131,0,0,0,-91,430,432,804,786,29992,29993,29993,0,0,0,29993,0,0,0,29993]} 1. e4 c5 2. Ne2 Nc6 3. g3 d5 4. Bg2 dxe4 5. Nbc3 (5. Bxe4 Nf6 6. Bg2 g6 7. d3 Bg7 8. Nbc3 O-O 9. h3 Nd4 10. O-O Bd7 11. Re1 Qc8 {½-½ (38) Camacho Collados,M (2449)-Alsina Leal,D (2537) Granada 2015}) 5... f5 6. O-O {B20: Sicilian: Unusual White 2nd moves} Nf6 7. d3 $146 ({Predecessor:} 7. f3 exf3 8. Bxf3 e5 9. d3 Be7 10. Bg5 O-O 11. Bxf6 Bxf6 {0-1 (32) Abramsson,L-Arnlind,E Stockholm 1963}) 7... exd3 8. Nf4 dxc2 9. Bxc6+ bxc6 10. Qxc2 e5 11. Rd1 Qc7 12. Ng2 Be6 13. Na4 Nd7 14. Ne3 g6 15. Nc4 Nb6 16. Naxb6 axb6 17. Qc3 $1 Bg7 18. Nd6+ Kf8 {[#] ...h6 is the strong threat.} 19. Bh6 $1 {[%mdl 512]} Kg8 (19... Bxh6 20. Qxe5) 20. Bxg7 Qxg7 21. b4 (21. Nc4 $142) 21... e4 $17 (21... Rxa2 $2 22. Rxa2 Bxa2 23. bxc5 $18) 22. Qe3 Bd5 (22... Rxa2 $2 23. Rxa2 Bxa2 24. Nxf5 $1 $18 {[%mdl 512]}) (22... h5 $142 23. bxc5 b5) 23. bxc5 Qe5 24. f4 (24. a4 $15) 24... Qe7 ({Black should play} 24... Qe6 $1 $17 {Strongly threatening ...h5.} 25. Rdb1 bxc5 26. Qxc5 h5) 25. Rab1 $1 $11 bxc5 (25... h5 {keeps more tension.} 26. Rxb6 Qf6 27. Nb5 Kh7 28. Nc7 Rad8) 26. Qxc5 (26. Rb7 $11 {keeps the balance.} Qf6 27. Qxc5) 26... Qa7 $2 {[%mdl 8192] [#]} ({Don't go for} 26... Bxa2 $2 27. Rb7 $18) (26... Rd8 $1 $17 {[%cal Rd8d6] stays on course.} 27. Nb7 Rd7) 27. Rxd5 $1 $18 {[%mdl 512]} cxd5 {[#]} (27... h5 $142 28. Qxa7 Rxa7) 28. Rb8+ $1 {[%mdl 512]} Qxb8 29. Qxd5+ Kg7 30. Qd4+ $2 (30. Qe5+ $1 {mates} Kh6 31. Nxf5+ $1 {[%mdl 512]} Kh5 32. Nd6+ {[%mdl 64] Discovered Attack} Kg4 33. Qe6+ Kf3 34. Qxe4+ Kg4 35. f5+ Kh5 36. Qh4#) 30... Kg8 $11 ({Stronger than} 30... Kh6 31. Nf7+ Kh5 32. Qd1#) 31. Qd5+ $2 {[%mdl 8192]} (31. Qc4+ $11 Kg7 32. Qd4+ Kg8 33. Qd5+ Kg7 34. Qe5+ Kh6 {[#]} 35. Nxf5+ $1 {[%mdl 512]} Kh5 36. Nd6+ {[%mdl 64] Discovered Attack} Kg4 37. Qe6+ Kf3 38. Qxe4+ Kg4 39. f5+ Kh5 40. Qh4#) 31... Kg7 {Threatens to win with ...Qb1+.} 32. Qd4+ Kg8 ({Worse is} 32... Kh6 33. Nf7+ Kh5 34. Qd1#) 33. Qd5+ Kg7 {[%mdl 32768] Accuracy: White = 58%, Black = 11%. . An unexpected result.} 1/2-1/2

[Event "WJCC U20 Open 2019"]
[Site "New Delhi"]
[Date "2019.10.16"]
[Round "2.45"]
[White "Audi Ameya"]
[Black "Davis, Holden"]
[Result "1-0"]
[WhiteElo "2336"]
[BlackElo "1817"]
[Annotator "TA"]
[PlyCount "47"]
[EventDate "2019.10.15"]
[EventType "swiss"]
[EventCountry "IND"]
[SourceTitle "playchess.com"]
[Source "ChessBase"]
[SourceQuality "1"]

{[%evp 11,47,20,13,12,26,0,16,8,25,18,26,7,14,17,10,27,159,153,152,132,138,152,218,203,189,137,260,250,304,309,387,372,742,745,952,910,904,897]} 1. Nf3 e6 2. g3 f5 3. Bg2 Nf6 4. O-O Be7 5. d3 O-O 6. Nbd2 d6 7. a4 {A04: Unusual lines after 1 Nf3 and King's Indian Attack} (7. e4 fxe4 8. dxe4 e5 9. c3 Qe8 10. Ng5 Bd8 11. f4 exf4 12. gxf4 h6 13. Nh3 Qh5 14. Qxh5 Nxh5 {1-0 (56) Hovhannisyan,M (2513)-Froeyman,H (2304) Gent 2014}) 7... a5 $146 ({Predecessor:} 7... Nc6 8. Re1 Qe8 9. e4 e5 10. exf5 Bxf5 11. Nc4 Qd7 12. d4 e4 13. d5 Nb4 14. Ng5 Ng4 {1-0 (28) Lapenna,R-Edwards,M Seattle 1994}) 8. Nc4 Qe8 9. Nd4 {The position is equal.} e5 10. Nb5 Bd8 11. Bg5 Qh5 12. Bxf6 Rxf6 13. e4 $36 {[%mdl 2048] White is more active.} Qh6 {[#]} (13... Qxd1 $11 {keeps the balance.} 14. Raxd1 (14. Rfxd1 fxe4 15. d4 exd4 $11) 14... fxe4) 14. d4 $1 $16 {[%cal Rd4e5]} exd4 15. e5 ({Much less strong is} 15. Nxd4 $6 fxe4 16. Bxe4 c6 $14) ({Don't do} 15. Qxd4 $6 Nc6 $14) 15... dxe5 16. Nxe5 c6 (16... Nc6 $16 {is a better defense.}) 17. Qxd4 $18 Rf8 18. Nd6 ({Better is} 18. Rad1 $18) 18... Be6 (18... Bb6 $16 19. Qxb6 Qxd6) 19. Nxb7 Bf6 {If only Black now had time for ...Nd7....} 20. Nc5 Rd8 21. Qc3 Bf7 $2 {[#]} (21... Bd5 22. Rad1 Bxe5 23. Qxe5 {[%mdl 64] Double Attack} Qd6) 22. Nxf7 {White is clearly winning.} Kxf7 23. Qb3+ Kg6 24. Ne6 {Accuracy: White = 81%, Black = 17%.} 1-0

[Event "WJCC U20 Open 2019"]
[Site "New Delhi"]
[Date "2019.10.16"]
[Round "2.47"]
[White "Jablonicky, Martin"]
[Black "Dahanayake, Isara Banidu"]
[Result "1-0"]
[WhiteElo "2333"]
[BlackElo "1771"]
[Annotator "TA"]
[PlyCount "47"]
[EventDate "2019.10.15"]
[EventType "swiss"]
[EventCountry "IND"]
[SourceTitle "playchess.com"]
[Source "ChessBase"]
[SourceQuality "1"]

{[%evp 18,47,31,12,127,106,181,157,142,147,148,143,130,96,78,88,148,58,583,587,1086,1079,986,446,447,145,444,430,761,741,747,96]} 1. e4 c5 2. Nf3 d6 3. d4 cxd4 4. Nxd4 Nf6 5. Nc3 a6 6. Bc4 e6 7. Bb3 b5 8. f4 Be7 9. e5 dxe5 10. fxe5 Bc5 {B87: Sicilian Scheveningen/Najdorf: 6 Bc4, with early ...b5} (10... Nfd7 $1 $11) (10... Nfd7 11. Bf4 Nc5 12. Qd2 Bb7 13. O-O-O Nc6 14. Qe3 Qb6 15. Nf3 Nxb3+ 16. axb3 Qxe3+ 17. Bxe3 Nb4 18. Rhe1 {0-1 (61) Sanz Alonso,F (2372)-Barrientos Chavarriaga,S (2456) Cartagena 2015}) 11. Be3 $1 $16 ({Don't play} 11. exf6 $6 Qxd4 12. Qxd4 Bxd4 $11) 11... Nd5 $146 (11... Nfd7 $16 {was worth a try.}) ({Predecessor:} 11... Bxd4 12. Bxd4 Nd5 13. Nxd5 exd5 14. Qf3 Be6 15. Bc5 Nc6 16. Qg3 Rg8 17. O-O Na5 18. a4 Nxb3 19. Qxb3 {1-0 (32) Martinez Quintan,J-Asturiano Molina,J Albacete 1994}) 12. Nxd5 exd5 {White is clearly better.} 13. Qf3 Bxd4 14. Bxd5 $40 {[%csl Gd5][%cal Rf3f7][%mdl 128] White wants a kill.} Be6 15. Bxa8 Bxb2 16. Rd1 Qa5+ (16... Bc3+ $142 17. Bd2 Bxe5) 17. Kf2 (17. Rd2 $16 {Hoping for Bc6+.} O-O 18. O-O) 17... Bxe5 $2 {[%mdl 8192]} ({Better is} 17... O-O $14) 18. Bc6+ $1 $18 Nd7 19. Bxd7+ Bxd7 {[#]} 20. Qa8+ (20. Rxd7 $142 $1 {[%csl Gd7][%cal Rf3f7][%mdl 512]} O-O (20... Kxd7 21. Qf5+) 21. Bc5) 20... Qd8 {[#]} 21. Qxd8+ $1 Kxd8 22. Rd5 {White is clearly winning.} Re8 (22... Ke7 $142 23. Rxe5+ Be6) 23. Rhd1 Re7 24. Bg5 $2 {Accuracy: White = 56%, Black = 18%.} (24. Bc5 $18) 1-0

[Event "WJCC U20 Open 2019"]
[Site "New Delhi"]
[Date "2019.10.17"]
[Round "3.1"]
[White "Khanin, Semen"]
[Black "Sargsyan, Shant"]
[Result "1-0"]
[WhiteElo "2507"]
[BlackElo "2580"]
[Annotator "TA"]
[PlyCount "39"]
[EventDate "2019.10.15"]
[EventType "swiss"]
[EventCountry "IND"]
[SourceTitle "playchess.com"]
[Source "ChessBase"]
[SourceQuality "1"]

{[%evp 23,39,28,22,11,25,21,16,8,19,10,50,12,13,12,1577,681,674,620]} 1. e4 e5 2. Nf3 Nc6 3. Bb5 a6 4. Ba4 Nf6 5. O-O Nxe4 6. d4 b5 7. Bb3 d5 8. dxe5 Be6 9. Nbd2 Be7 10. c3 O-O 11. Bc2 f5 12. exf6 Nxf6 13. Re1 {C83: Open Ruy Lopez: 9 c3 Be7} Bg4 (13... Qd7 14. a4 Bf5 15. Bxf5 Qxf5 16. axb5 axb5 17. Rxa8 Rxa8 18. Nf1 Qd7 19. Bg5 Rd8 20. Ng3 h6 21. Bxf6 Bxf6 {½-½ (68) Nepomniachtchi,I (2773)-Wei,Y (2736) Moscow 2019}) 14. h3 Bh5 $1 {[#]} 15. a4 $146 {The position is equal.} ({Predecessor:} 15. Bf5 Kh8 16. g4 Bf7 17. Ng5 Bg8 18. Ndf3 Bd6 19. Kg2 Ne7 20. Be6 Qe8 21. Bxg8 Nfxg8 {1-0 (36) Safarli,E (2635)-Shahaliyev,I (2273) Baku 2015}) 15... b4 16. Nf1 Ne4 17. Bxe4 dxe4 18. Qxd8 Rc8 $2 {[%mdl 8192] [#]} (18... Bxd8 $11 19. Ng5 Re8) 19. Qxf8+ Rxf8 20. Ng5 1-0

[Event "WJCC U20 Open 2019"]
[Site "New Delhi"]
[Date "2019.10.17"]
[Round "3.1"]
[White "Khanin, Semen"]
[Black "Sargsyan, Shant"]
[Result "1/2-1/2"]
[WhiteElo "2507"]
[BlackElo "2580"]
[Annotator "TA"]
[PlyCount "119"]
[EventDate "2019.10.15"]
[EventType "swiss"]
[EventCountry "IND"]
[SourceTitle "playchess.com"]
[Source "ChessBase"]
[SourceQuality "1"]

{[%evp 23,119,14,20,18,28,17,25,27,32,25,39,20,21,16,18,16,19,18,8,16,29,26,23,20,42,20,15,25,27,0,39,40,39,43,58,59,90,90,90,86,90,92,105,45,97,45,52,34,37,35,37,20,20,19,45,23,64,16,16,16,16,16,16,16,16,16,16,16,16,6,6,6,6,6,6,6,6,6,6,6,6,6,6,6,6,0,0,0,0,0,0,0,0,0,0,0,0,0]} 1. e4 e5 2. Nf3 Nc6 3. Bb5 a6 4. Ba4 Nf6 5. O-O Nxe4 6. d4 b5 7. Bb3 d5 8. dxe5 Be6 9. Nbd2 Be7 10. c3 O-O 11. Bc2 f5 12. exf6 Nxf6 13. Re1 {C83: Open Ruy Lopez: 9 c3 Be7} Bg4 (13... Qd7 14. a4 Bf5 15. Bxf5 Qxf5 16. axb5 axb5 17. Rxa8 Rxa8 18. Nf1 Qd7 19. Bg5 Rd8 20. Ng3 h6 21. Bxf6 Bxf6 {½-½ (68) Nepomniachtchi,I (2773)-Wei,Y (2736) Moscow 2019}) 14. h3 Bh5 $1 {[#]} 15. a4 $146 {White has an edge.} ({Predecessor:} 15. Bf5 Kh8 16. g4 Bf7 17. Ng5 Bg8 18. Ndf3 Bd6 19. Kg2 Ne7 20. Be6 Qe8 21. Bxg8 Nfxg8 {1-0 (36) Safarli,E (2635)-Shahaliyev,I (2273) Baku 2015}) 15... b4 16. Nf1 Ne4 17. Bxe4 dxe4 18. Qxd8 Raxd8 19. Ng5 $1 {[%cal Rg5e6] Strongly threatening Ne6.} bxc3 20. bxc3 Bxg5 21. Bxg5 Rd5 22. Bh4 Bg6 23. Bg3 Rc5 24. Nd2 Re8 25. Bxc7 Rxc3 26. Rac1 (26. Bb6 {keeps more tension.} Rd3 27. Nc4 Nb4 28. Rab1 Na2 29. a5) 26... Rxc1 (26... e3 {seems wilder.} 27. fxe3 Rexe3 28. Kh2 Rxc1 29. Rxc1 Ne7) 27. Rxc1 Nb4 28. Bb6 Bf5 29. a5 Re5 30. Rc4 Rb5 31. Nxe4 Bxe4 32. Rxe4 $16 {[%mdl 4096] Endgame KRB-KRN} Nc6 33. Re8+ Kf7 34. Rc8 (34. Ra8 $16) 34... Nxa5 $14 {[#] White must now prevent ...Rb1+.} 35. Bd4 Rb7 36. Bc3 Nb3 37. g4 a5 38. Ra8 Rd7 39. Kg2 h6 40. Bxa5 (40. Ra6 {looks sharper.} Rc7 41. Bb2 Re7 42. Kg3 Re6 43. Ra7+) 40... Nxa5 {The position is equal.} 41. Rxa5 {KR-KR} g5 42. Ra6 Kg7 43. Re6 Ra7 44. Kg3 Ra1 45. Re3 Kf6 46. f3 Rg1+ 47. Kf2 Rh1 48. Kg2 Ra1 49. Rb3 Kg6 50. Rb6+ Kg7 51. Rb5 Kg6 52. Rc5 Rb1 53. Ra5 Rc1 54. h4 gxh4 55. Rh5 Rc2+ $1 56. Kg1 h3 57. Rxh3 Kg5 $1 58. Rh2 Rxh2 $1 59. Kxh2 {[#] Threatens to win with Kg3.} h5 60. gxh5 {Accuracy: White = 51%, Black = 69%.} 1/2-1/2

[Event "WJCC U20 Open 2019"]
[Site "New Delhi"]
[Date "2019.10.17"]
[Round "3.2"]
[White "Shtembuliak, Evgeny"]
[Black "Drygalov, Sergey"]
[Result "1-0"]
[WhiteElo "2577"]
[BlackElo "2470"]
[Annotator "TA"]
[PlyCount "83"]
[EventDate "2019.10.15"]
[EventType "swiss"]
[EventCountry "IND"]
[SourceTitle "playchess.com"]
[Source "ChessBase"]
[SourceQuality "1"]

{[%evp 18,83,0,-9,0,0,0,0,0,0,0,-13,0,-40,-30,-25,0,0,0,-22,16,13,39,30,19,31,70,72,74,60,152,137,141,129,196,199,205,250,318,318,318,322,384,354,410,418,410,414,421,385,554,546,530,520,499,52,472,454,831,822,792,785,834,827,781,779,1734,1627]} 1. c4 e5 2. g3 Nf6 3. Bg2 Nc6 4. Nc3 Bb4 5. e4 Bxc3 6. dxc3 O-O 7. Qc2 d6 8. Nf3 h6 9. O-O Be6 10. b3 {[%cal Bb2b3,Bb3b4][%mdl 32]} a6 {[%cal Ba7a6,Ba6b5][%mdl 32] A29: English Opening: Four Knights Variation with 4 g3} (10... Qd7 11. Nh4 Bh3 12. Bxh3 Qxh3 13. Nf5 Rae8 14. Ne3 Ng4 15. f3 Nxe3 16. Bxe3 Ne7 17. g4 h5 18. Qg2 hxg4 19. Qxg4 {0-1 (69) Eisenbeiser,A (2386)-Postny,E (2618) Vlissingen 2011}) 11. a4 $146 ({Predecessor:} 11. Nh4 Re8 12. Rd1 Qd7 13. c5 Rad8 14. cxd6 cxd6 {1-0 (60) Alfredsson,O (2362)-De Pinho,J (2319) ICCF email 2002}) 11... Na5 12. Rb1 Qe8 {The position is equal.} 13. Nh4 b5 14. cxb5 axb5 15. b4 Nc4 16. a5 d5 17. exd5 $1 Bxd5 18. f3 c5 19. Nf5 cxb4 20. cxb4 Rc8 21. Qf2 Be6 22. Ne3 Nd5 23. f4 e4 (23... Nc3 $14) 24. f5 $36 {[%mdl 2048] Keeping Black busy.} (24. Bxe4 Ndxe3 25. Bxe3 Bh3 $17) 24... Ndxe3 25. Bxe3 Bxf5 (25... Bd5 $16 {is a better defense.}) 26. Bc5 $18 Bg6 {[#] With the idea ...e3.} 27. Rbe1 $1 ({Don't do} 27. Bxf8 $6 e3 $14) 27... e3 28. Bxe3 Nxe3 29. Qxe3 ({Not} 29. Rxe3 Qd7 $16) 29... Qd7 30. a6 Rfe8 31. Qb6 Rxe1 32. Rxe1 Qd2 {( -> ...Rc2)} 33. Qe3 Qxe3+ (33... Qxb4 $142 34. a7 Qa4) 34. Rxe3 {[%mdl 4096] Endgame KRB-KRB} Rc1+ 35. Kf2 Ra1 36. Re8+ Kh7 {[#]} 37. Bb7 $1 {White is clearly winning.} Ra3 (37... f6 $142) 38. Re5 Bd3 39. Ke3 f6 40. Re7 f5 41. Kd4 Kg6 42. Re3 {Accuracy: White = 81%, Black = 45%.} 1-0